[Event "Albrecht-Beer-Turnier Gera"]
[Site "Gera"]
[Date "2024.10.05"]
[Round "6.21"]
[White "May, Alexander"]
[Black "Brunen, Raul"]
[Result "1-0"]
[WhiteElo "1952"]
[BlackElo "1791"]
[PlyCount "53"]
[EventDate "2024.10.03"]
[WhiteTeam "SV Gernrode 1887"]
[BlackTeam "SC Reichenbach"]

1. d4 d5 2. Nf3 Nf6 3. e3 e6 4. Bd3 Nbd7 5. b3 c6 6. O-O Bd6 7. Bb2 O-O 8. Nbd2
Re8 9. Ne5 Qc7 10. f4 c5 11. Qe2 b6 12. Ndf3 Bb7 13. Ng5 Re7 14. Rae1 h6 15.
Ngf3 Rc8 16. Nxd7 Nxd7 17. Ne5 Nf6 18. c4 Qd8 19. g4 Bxe5 20. fxe5 Ne8 21. g5
hxg5 22. Qh5 g6 23. Qxg5 Ng7 24. Rf4 Qf8 25. Bxg6 fxg6 26. Rxf8+ Rxf8 27. Qxe7
1-0

[Event "Albrecht-Beer-Turnier Gera"]
[Site "Gera"]
[Date "2024.10.05"]
[Round "6.22"]
[White "Weinitschke, Daniel"]
[Black "Kottwitz, Daniel"]
[Result "0-1"]
[WhiteElo "1780"]
[BlackElo "1948"]
[PlyCount "160"]
[EventDate "2024.10.03"]
[WhiteTeam "Krostitzer SV"]
[BlackTeam "SZ Elstertal Langenberg"]

1. d4 e6 2. c4 f5 3. Nc3 Nf6 4. Nf3 d5 5. Bg5 c6 6. Bh4 Be7 7. e3 O-O 8. Be2
Qe8 9. Bg3 Nbd7 10. h3 Ne4 11. Nxe4 fxe4 12. Ne5 Bb4+ 13. Kf1 Nxe5 14. Bxe5 Qf7
15. f3 Ba5 16. f4 Bc7 17. Bxc7 Qxc7 18. Kg1 Bd7 19. g3 Be8 20. Kh2 Bg6 21. Rg1
Rad8 22. c5 b6 23. Rc1 b5 24. b4 a5 25. a3 Ra8 26. Ra1 Ra7 27. Qc2 Rfa8 28. Qb2
Qb8 29. Rgb1 axb4 30. axb4 h6 31. Kg2 Kh7 32. Kh2 Bf5 33. Kg2 Qb7 34. Rh1 Bg6
35. Bg4 Bf5 36. Be2 Ra6 37. g4 Bg6 38. Kg3 Qa7 39. Rxa6 Qxa6 40. Rb1 Qa3 41.
Kf2 Be8 42. h4 Qa2 43. g5 h5 44. Kg3 Ra3 45. Kf2 Kg6 46. Bf1 Kf7 47. Be2 Ke7
48. Bf1 Kd7 49. Be2 Kc7 50. Bf1 Bg6 51. Be2 Kb7 52. Bf1 Bf5 53. Be2 g6 54. Bd1
Bh3 55. Be2 Bf5 56. Bd1 Qxb2+ 57. Rxb2 Ra1 58. Be2 Rh1 59. Kg3 Rh3+ 60. Kf2
Rxh4 61. Bf1 Bg4 62. Bg2 Bf3 63. Bxf3 exf3 64. Kg3 Rh1 65. Kxf3 Rh3+ 66. Kg2
Rxe3 67. Kf2 Re4 68. Kf3 Rxd4 69. Re2 Re4 70. Rxe4 dxe4+ 71. Kxe4 Kc7 72. Ke5
Kd7 73. Ke4 Ke7 74. Ke5 h4 75. Ke4 h3 76. Kf3 h2 77. Kg2 e5 78. Kxh2 exf4 79.
Kg2 Ke6 80. Kf3 Kf5 0-1

[Event "Albrecht-Beer-Turnier Gera"]
[Site "Gera"]
[Date "2024.10.05"]
[Round "6.24"]
[White "Kitzig, Tobias"]
[Black "Besancon, Pascal"]
[Result "1/2-1/2"]
[WhiteElo "1714"]
[BlackElo "1912"]
[PlyCount "20"]
[EventDate "2024.10.03"]
[WhiteTeam "SV 1861 Liebschwitz"]
[BlackTeam "SK Weida"]

1. d4 Nf6 2. Bf4 e6 3. e3 c5 4. c3 b6 5. Qc2 Nc6 6. Nd2 d5 7. Ngf3 Be7 8. h3
Bd7 9. Bd3 Rc8 10. Qb3 O-O 1/2-1/2

[Event "Albrecht-Beer-Turnier Gera"]
[Site "Gera"]
[Date "2024.10.05"]
[Round "6.25"]
[White "Kerstan, André"]
[Black "Han, Erdem"]
[Result "1-0"]
[WhiteElo "1908"]
[BlackElo "1705"]
[PlyCount "69"]
[EventDate "2024.10.03"]
[WhiteTeam "SG BiBaBo Leipzig"]
[BlackTeam "SSV Vimaria 91 Weimar"]

1. d4 d5 2. c4 c6 3. Nf3 Nf6 4. Nc3 e6 5. Bg5 Be7 6. e3 Nbd7 7. Rc1 O-O 8. Bd3
h6 9. Bh4 dxc4 10. Bxc4 b5 11. Bd3 a6 12. O-O Bb7 13. Bb1 c5 14. dxc5 Nxc5 15.
Nd4 Nd5 16. Bxe7 Qxe7 17. Nxd5 Bxd5 18. Qc2 Ne4 19. f3 Nf6 20. e4 Rac8 21. Qxc8
Rxc8 22. Rxc8+ Kh7 23. exd5+ g6 24. dxe6 fxe6 25. Ne2 Nd5 26. Rfc1 Qb4 27. Be4
Kg7 28. Bxd5 exd5 29. R8c2 d4 30. Nf4 g5 31. Nd3 Qd6 32. Rc7+ Kf8 33. Rc8+ Kf7
34. R1c7+ Ke6 35. Rc6 1-0

[Event "Albrecht-Beer-Turnier Gera"]
[Site "Gera"]
[Date "2024.10.05"]
[Round "6.27"]
[White "Schaudin, Andreas"]
[Black "Horn, Jens"]
[Result "1/2-1/2"]
[WhiteElo "1885"]
[BlackElo "1644"]
[PlyCount "60"]
[EventDate "2024.10.03"]
[WhiteTeam "SZ Elstertal Langenberg"]
[BlackTeam "Post-SV Crimmitschau"]

1. Nf3 Nf6 2. g3 d5 3. Bg2 Bg4 4. h3 Bxf3 5. exf3 e6 6. O-O Be7 7. b3 c5 8. Bb2
Nc6 9. d3 O-O 10. Nd2 a6 11. Re1 Qc7 12. f4 Rfd8 13. Nf3 b5 14. Ne5 Nd7 15.
Nxd7 Qxd7 16. Qg4 d4 17. Re2 Rac8 18. Rae1 Bf6 19. h4 Nb4 20. a3 Nd5 21. Bh3
Ne7 22. Qf3 Qd5 23. Qxd5 Nxd5 24. Bg2 h6 25. Ra1 c4 26. Bxd5 Rxd5 27. Kg2 c3
28. Bc1 a5 29. a4 b4 30. Kh3 g6 1/2-1/2

[Event "Albrecht-Beer-Turnier Gera"]
[Site "Gera"]
[Date "2024.10.05"]
[Round "6.28"]
[White "Boroshnev, Dmytro"]
[Black "Lorenz, Veronika"]
[Result "0-1"]
[WhiteElo "1543"]
[BlackElo "1882"]
[PlyCount "108"]
[EventDate "2024.10.03"]
[WhiteTeam "SC Turm Erfurt"]
[BlackTeam "TSG Oberschöneweide"]

1. d4 Nf6 2. Nf3 g6 3. e3 Bg7 4. Be2 O-O 5. O-O d6 6. c4 Nbd7 7. Nc3 e5 8. b3
exd4 9. exd4 Re8 10. Bb2 d5 11. Re1 c6 12. Qc2 Nb6 13. h3 Bf5 14. Qc1 Ne4 15.
c5 Nd7 16. Nxe4 Bxe4 17. Nd2 Bh6 18. Qc3 Nf6 19. Bd3 Bxd3 20. Qxd3 Qc7 21. Nf1
Re7 22. Rxe7 Qxe7 23. Bc1 Bxc1 24. Rxc1 Re8 25. Rd1 Nh5 26. Qe3 Qd8 27. Qd2 Qf6
28. Nh2 Nf4 29. Ng4 Qg5 30. Kf1 Re2 31. Qxe2 Nxe2 32. Kxe2 f5 33. Ne3 f4 34.
Ng4 h5 35. Ne5 Qxg2 36. Rd3 g5 37. a4 g4 38. hxg4 hxg4 39. Ke1 Qg1+ 40. Ke2 f3+
41. Ke3 g3 42. Nxf3 gxf2 43. Nxg1 fxg1=Q+ 44. Kd2 Qf2+ 45. Kc3 Kf7 46. Rd2 Qe3+
47. Kc2 Kf6 48. Rd3 Qe2+ 49. Rd2 Qe4+ 50. Rd3 Kf5 51. Kd2 a5 52. Kc2 Qe1 53.
Rd2 Ke4 54. Rd3 Qb1+ 0-1

[Event "Albrecht-Beer-Turnier Gera"]
[Site "Gera"]
[Date "2024.10.05"]
[Round "6.30"]
[White "Seidel, Oliver"]
[Black "Temirbek, Amirali"]
[Result "1/2-1/2"]
[WhiteElo "1835"]
[BlackElo "1592"]
[PlyCount "41"]
[EventDate "2024.10.03"]
[WhiteTeam "SC Reichenbach"]

1. e4 e5 2. Nf3 Nc6 3. Nc3 Nf6 4. d4 exd4 5. Nxd4 Nxd4 6. Qxd4 d6 7. Bc4 Be6 8.
Bxe6 fxe6 9. e5 dxe5 10. Qxe5 Qd6 11. Qe2 a6 12. O-O O-O-O 13. Bg5 Be7 14. Rfe1
h6 15. Bh4 Rhe8 16. Bg3 Qc6 17. Qxe6+ Qxe6 18. Rxe6 Rd2 19. Re2 Rxe2 20. Nxe2
Ba3 21. Kf1 1/2-1/2

[Event "Albrecht-Beer-Turnier Gera"]
[Site "Gera"]
[Date "2024.10.05"]
[Round "6.32"]
[White "Rauhut, Frank"]
[Black "Czäczine, Laura"]
[Result "1-0"]
[WhiteElo "1963"]
[BlackElo "1777"]
[PlyCount "45"]
[EventDate "2024.10.03"]
[WhiteTeam "SV Jenapharm Jena"]
[BlackTeam "Chemnitzer SC Aufbau`95"]

1. d4 d5 2. Nf3 c5 3. Bf4 Nc6 4. e3 Qb6 5. Nc3 e6 6. Nb5 e5 7. Nxe5 Nxe5 8.
Bxe5 Bd7 9. Nc7+ Kd8 10. Nxa8 Qxb2 11. Rb1 Qxa2 12. Be2 f6 13. Bg3 cxd4 14. O-O
dxe3 15. Ra1 exf2+ 16. Kh1 Qb2 17. Qxd5 Qxc2 18. Rfd1 Qc6 19. Qxc6 bxc6 20.
Rxa7 Bc5 21. Raxd7+ Kc8 22. Rc7+ Kb8 23. Rd8# 1-0

[Event "Albrecht-Beer-Turnier Gera"]
[Site "Gera"]
[Date "2024.10.05"]
[Round "6.33"]
[White "Würsig, Mathias"]
[Black "Phenn, Jan-Niklas"]
[Result "0-1"]
[WhiteElo "1812"]
[BlackElo "1943"]
[PlyCount "72"]
[EventDate "2024.10.03"]
[WhiteTeam "Lomnitzer SV"]
[BlackTeam "SC Reichenbach"]

1. b3 Nf6 2. Bb2 d5 3. Nf3 Bg4 4. d3 c5 5. Nbd2 Nc6 6. g3 e6 7. Bg2 Bd6 8. O-O
O-O 9. e3 e5 10. a3 Qe7 11. Qc1 h6 12. Re1 Qd7 13. e4 d4 14. Nc4 b5 15. Nxd6
Qxd6 16. a4 a6 17. Qd2 Nh7 18. Rec1 b4 19. Rf1 f5 20. exf5 Rxf5 21. Nh4 Rf6 22.
Be4 Ng5 23. f3 Bh3 24. Ng2 Raf8 25. Qe2 Ne7 26. Bc1 Nd5 27. Bd2 Nc3 28. Bxc3
bxc3 29. Rae1 Kh8 30. Rf2 Bg4 31. fxg4 Rxf2 32. Qd1 Nh3+ 33. Kh1 Rd2 34. Qc1
Rff2 35. Rf1 Qf6 36. Re1 Rxg2 0-1

[Event "Albrecht-Beer-Turnier Gera"]
[Site "Gera"]
[Date "2024.10.05"]
[Round "6.35"]
[White "Neumann, Michael"]
[Black "Kötz, Michael"]
[Result "1-0"]
[WhiteElo "1920"]
[BlackElo "1772"]
[PlyCount "111"]
[EventDate "2024.10.03"]
[WhiteTeam "SV Mattnetz Berlin"]
[BlackTeam "Einheit Börnichen"]

1. e4 c6 2. d3 d5 3. Nd2 e6 4. Ngf3 Bc5 5. d4 Bb6 6. c3 Ne7 7. Bd3 O-O 8. e5
Nd7 9. Bxh7+ Kh8 10. Bb1 Nf5 11. Nb3 c5 12. Ng5 g6 13. Bxf5 exf5 14. Qf3 Kg7
15. Qxd5 Qe7 16. O-O Rd8 17. Qf3 c4 18. Nc5 Bxc5 19. dxc5 Nxc5 20. Qe2 Nd3 21.
Nf3 Be6 22. Bg5 Qc5 23. Bf6+ Kf8 24. Bxd8 Rxd8 25. Rad1 Bd5 26. Rxd3 cxd3 27.
Qxd3 Qc4 28. Qxc4 Bxc4 29. Ra1 Ke7 30. Nd4 Rh8 31. g3 Rh5 32. a3 f4 33. Re1
fxg3 34. fxg3 Rh8 35. Re3 Rc8 36. b3 Ba6 37. h4 Rd8 38. Kf2 Rc8 39. Kf3 b5 40.
Kf4 Rh8 41. Kf3 Bb7+ 42. Kf4 a6 43. Nf3 Bxf3 44. Rxf3 Rd8 45. Ke4 Rd1 46. c4
bxc4 47. bxc4 Rd2 48. Rd3 Rb2 49. Kd5 Rb6 50. c5 Rb5 51. a4 Rb8 52. c6 Rb1 53.
Kc5 Ke6 54. Rc3 Rd1 55. Kb6 Rd6 56. exd6 1-0

[Event "Albrecht-Beer-Turnier Gera"]
[Site "Gera"]
[Date "2024.10.05"]
[Round "6.36"]
[White "Stolz, Markus"]
[Black "Niemann, Silvio"]
[Result "1-0"]
[WhiteElo "1791"]
[BlackElo "1901"]
[PlyCount "43"]
[EventDate "2024.10.03"]
[WhiteTeam "TSG Apolda"]
[BlackTeam "SV Blau-Weiß 69 Parchim"]

1. d4 Nf6 2. c4 e6 3. Nf3 b6 4. g3 Bb7 5. Bg2 d5 6. cxd5 exd5 7. O-O Bd6 8. Nc3
a6 9. Nh4 O-O 10. Nf5 Ne4 11. Nxd6 Qxd6 12. Bf4 Qd8 13. Rc1 g5 14. Bxc7 Qxc7
15. Nxe4 Qe7 16. Nc3 Qd6 17. Qb3 Rd8 18. Na4 Nd7 19. Qe3 h6 20. Bh3 Re8 21. Qb3
b5 22. Bxd7 1-0

[Event "Albrecht-Beer-Turnier Gera"]
[Site "Gera"]
[Date "2024.10.05"]
[Round "6.37"]
[White "Vo, Thomi"]
[Black "Schönrock, Rüdiger"]
[Result "1/2-1/2"]
[WhiteElo "1748"]
[BlackElo "1891"]
[PlyCount "52"]
[EventDate "2024.10.03"]
[WhiteTeam "Erfurter SK"]
[BlackTeam "Glauchauer SC 1873"]

1. e4 e5 2. Nf3 Nf6 3. Nc3 Bb4 4. Bc4 O-O 5. Nxe5 Qe7 6. Nf3 Bxc3 7. bxc3 d5 8.
Bb3 dxe4 9. Nd4 c5 10. Ne2 Nc6 11. O-O Re8 12. h3 Bd7 13. Re1 Rad8 14. d3 Ne5
15. d4 Bc6 16. Bg5 c4 17. Bxf6 gxf6 18. Qb1 Nf3+ 19. gxf3 cxb3 20. Ng3 b2 21.
Qxb2 Qd7 22. Kh2 exf3 23. Rxe8+ Rxe8 24. Rg1 Kh8 25. Qc1 Qe6 26. a3 Rg8 1/2-1/2

[Event "Albrecht-Beer-Turnier Gera"]
[Site "Gera"]
[Date "2024.10.05"]
[Round "6.38"]
[White "Pekrul, Jürgen"]
[Black "Kutlar, Aras"]
[Result "1-0"]
[WhiteElo "1890"]
[BlackElo "1759"]
[PlyCount "94"]
[EventDate "2024.10.03"]
[WhiteTeam "VfL 1990 Gera"]
[BlackTeam "Hamburger SK von 1830"]

1. e4 c5 2. Nf3 g6 3. Bc4 Bg7 4. O-O Nc6 5. c3 d6 6. h3 e6 7. d4 cxd4 8. cxd4
Nge7 9. Nc3 O-O 10. Be3 Re8 11. Qd2 Na5 12. Be2 d5 13. e5 Nf5 14. Bg5 Qd7 15.
g4 Ne7 16. Nb5 Nac6 17. Nd6 Rf8 18. Bh6 f6 19. Bxg7 Kxg7 20. exf6+ Rxf6 21. Nb5
b6 22. Rac1 Bb7 23. Nc3 Raf8 24. Qe3 h6 25. Nb1 g5 26. Nbd2 Ng6 27. Bb5 Nge7
28. Ne5 Qd6 29. a3 Rf4 30. Ndf3 Re4 31. Qd2 Nxd4 32. Nxd4 Qxe5 33. Rcd1 Rff4
34. Ne2 Rf6 35. Bd3 d4 36. Bxe4 Qxe4 37. f3 Qe5 38. Nxd4 Nd5 39. Rde1 Qg3+ 40.
Qg2 Qd6 41. Rxe6 Qc5 42. Qf2 Nf4 43. Rxf6 Kxf6 44. Kh2 Qe5 45. Nf5 Kg6 46. Qd4
Qe2+ 47. Rf2 Qe1 1-0

[Event "Albrecht-Beer-Turnier Gera"]
[Site "Gera"]
[Date "2024.10.05"]
[Round "6.39"]
[White "Streit, Jürgen"]
[Black "Stiehler, Klaus"]
[Result "0-1"]
[WhiteElo "1882"]
[BlackElo "1744"]
[PlyCount "50"]
[EventDate "2024.10.03"]
[WhiteTeam "SZ Elstertal Langenberg"]
[BlackTeam "Muldental Wilkau-Haßlau"]

1. e4 g6 2. d4 Bg7 3. Nc3 d6 4. Bg5 h6 5. Be3 Nf6 6. f3 O-O 7. Qd2 Kh7 8. Bd3
c6 9. h4 Qa5 10. h5 Ng8 11. hxg6+ fxg6 12. Nh3 Bxh3 13. Rxh3 Nd7 14. O-O-O e5
15. Bc4 d5 16. exd5 b5 17. dxc6 bxc4 18. cxd7 Rad8 19. dxe5 Qxe5 20. Rdh1 Rf7
21. Bxh6 Nxh6 22. Rxh6+ Kg8 23. Rxg6 Rfxd7 24. Qg5 Qd4 25. Qg4 Qd2+ 0-1

[Event "Albrecht-Beer-Turnier Gera"]
[Site "Gera"]
[Date "2024.10.05"]
[Round "6.40"]
[White "Stährfeldt, Philipp"]
[Black "Ali, Maha"]
[Result "1-0"]
[WhiteElo "1876"]
[BlackElo "1725"]
[PlyCount "29"]
[EventDate "2024.10.03"]
[WhiteTeam "SC Weisse Dame"]
[BlackTeam "SC Kreuzberg"]

1. f4 d5 2. b3 Nf6 3. Nf3 c5 4. e3 Nc6 5. Bb2 Bg4 6. Be2 g6 7. Ne5 Bxe2 8. Qxe2
Nxe5 9. fxe5 Ne4 10. e6 Qb6 11. exf7+ Kxf7 12. Bxh8 Qd6 13. O-O+ Ke8 14. Qb5+
Qd7 15. Rxf8+ 1-0

[Event "Albrecht-Beer-Turnier Gera"]
[Site "Gera"]
[Date "2024.10.05"]
[Round "6.41"]
[White "Hofmann, Robby"]
[Black "Burchardi, Helena"]
[Result "1-0"]
[WhiteElo "1861"]
[BlackElo "1669"]
[PlyCount "117"]
[EventDate "2024.10.03"]
[BlackTeam "SV Königsjäger Süd-West"]

1. e4 e5 2. Nf3 Nc6 3. Bc4 Bc5 4. Nc3 Nf6 5. d3 O-O 6. Bg5 Be7 7. O-O d6 8. h3
Be6 9. Bb3 a6 10. d4 Nxd4 11. Nxd4 exd4 12. Qxd4 Qd7 13. e5 dxe5 14. Qxe5 Bxb3
15. axb3 Bd6 16. Qe3 Rfe8 17. Qf3 c6 18. Bxf6 gxf6 19. Qxf6 Re6 20. Qf5 Qe7 21.
Ra4 Rg6 22. Rg4 Rxg4 23. Qxg4+ Kh8 24. Ne4 Bc7 25. Rd1 Qe5 26. Ng3 Rg8 27. Qd4
Qxd4 28. Rxd4 Rd8 29. c3 Bb6 30. Rxd8+ Bxd8 31. Ne4 Be7 32. f4 Kg7 33. g4 f6
34. Kg2 h6 35. Kg3 Kf7 36. h4 Kg7 37. g5 h5 38. Nxf6 Bxf6 39. gxf6+ Kxf6 40.
Kf3 Kf5 41. b4 b6 42. Ke3 c5 43. bxc5 bxc5 44. b4 c4 45. Kf3 Ke6 46. Ke4 Kf6
47. f5 Kf7 48. Ke5 Ke7 49. f6+ Kf7 50. Kf5 Ke8 51. Ke6 Kf8 52. f7 a5 53. bxa5
Kg7 54. Ke7 Kg6 55. f8=Q Kh7 56. Qf4 Kg8 57. Qg5+ Kh8 58. Kf7 Kh7 59. Qxh5# 1-0

[Event "Albrecht-Beer-Turnier Gera"]
[Site "Gera"]
[Date "2024.10.05"]
[Round "6.42"]
[White "Hildebrand, Azat"]
[Black "Gersemann, Karl"]
[Result "0-1"]
[WhiteElo "1590"]
[BlackElo "1846"]
[PlyCount "120"]
[EventDate "2024.10.03"]
[WhiteTeam "SC Borussia Lichtenberg"]
[BlackTeam "TSG Oberschöneweide"]

1. e4 e5 2. Nf3 Nc6 3. d4 exd4 4. Nxd4 Nf6 5. Nxc6 bxc6 6. f3 Bc5 7. Nc3 O-O 8.
Bg5 h6 9. Bh4 Re8 10. Qd2 Nxe4 11. Nxe4 Qxh4+ 12. g3 Qd8 13. O-O-O Bb6 14. Bd3
d5 15. Qc3 dxe4 16. Bxe4 Qg5+ 17. f4 Qc5 18. Qxc5 Bxc5 19. Bxc6 Bg4 20. Rd3
Rad8 21. Bxe8 Rxe8 22. h3 Bf5 23. Rc3 Bb6 24. g4 Bc8 25. Rd3 Be3+ 26. Kb1 Bxf4
27. Rhd1 Bd6 28. a3 h5 29. gxh5 Re5 30. Rd5 Rxd5 31. Rxd5 Bxh3 32. Ra5 f5 33.
Kc1 f4 34. Kd2 Kf7 35. Ke2 Bg4+ 36. Kf2 Kf6 37. Rd5 Be5 38. b4 Bxh5 39. c4 Bf7
40. Ra5 Bxc4 41. Kf3 Kf5 42. Rxa7 Bd5+ 43. Ke2 f3+ 44. Ke1 f2+ 45. Kf1 Bc4+ 46.
Kxf2 Bd4+ 47. Kf3 Bd5+ 48. Ke2 Bxa7 49. a4 g5 50. a5 g4 51. b5 g3 52. Kf1 g2+
53. Ke2 g1=Q 54. b6 Qg4+ 55. Ke3 Qe4+ 56. Kd2 cxb6 57. axb6 Bxb6 58. Kd1 Bb3+
59. Kd2 Ba5+ 60. Kc1 Qc2# 0-1

[Event "Albrecht-Beer-Turnier Gera"]
[Site "Gera"]
[Date "2024.10.05"]
[Round "6.44"]
[White "Binder, Andreas"]
[Black "Struzina, Elias"]
[Result "1/2-1/2"]
[WhiteElo "1821"]
[BlackElo "1582"]
[PlyCount "51"]
[EventDate "2024.10.03"]
[WhiteTeam "SK Weiden 1907"]
[BlackTeam "TSV Kitzscher"]

1. e4 c5 2. Nf3 d6 3. d4 cxd4 4. Nxd4 Nf6 5. Nc3 a6 6. h3 e6 7. Bd3 b5 8. Nce2
Bb7 9. Ng3 Nbd7 10. Be3 d5 11. exd5 Nxd5 12. Bd2 Bc5 13. c3 O-O 14. O-O N7f6
15. Ne4 Ba7 16. Nxf6+ Nxf6 17. Be3 Qc7 18. Qe2 Bb8 19. g3 Ba7 20. Nc2 Bxe3 21.
Nxe3 Rfd8 22. Rad1 Qc5 23. Bc2 Qg5 24. Kh2 Nd5 25. Nxd5 Bxd5 26. Be4 1/2-1/2

[Event "Albrecht-Beer-Turnier Gera"]
[Site "Gera"]
[Date "2024.10.05"]
[Round "6.46"]
[White "Puschendorf, Steffen"]
[Black "Nestler, Klaus"]
[Result "1-0"]
[WhiteElo "2032"]
[BlackElo "1701"]
[PlyCount "53"]
[EventDate "2024.10.03"]
[WhiteTeam "ESV Gera"]
[BlackTeam "Einheit Börnichen"]

1. d4 d5 2. Nf3 e6 3. c4 Nf6 4. g3 dxc4 5. Bg2 Bd7 6. Ne5 c6 7. Nxc4 Be7 8. O-O
O-O 9. Qb3 Bc8 10. Rd1 Nd5 11. e4 Nc7 12. Nc3 Nca6 13. d5 cxd5 14. exd5 Nc5 15.
Qc2 Qe8 16. d6 Bf6 17. Be3 Nbd7 18. Nb5 Bd8 19. Nc7 Bxc7 20. dxc7 a5 21. Nd6
Qe7 22. Bxc5 Nxc5 23. Qxc5 Ra6 24. Rac1 b6 25. Qa3 Ra7 26. Nxc8 Rxc8 27. Qxe7
1-0

[Event "Albrecht-Beer-Turnier Gera"]
[Site "Gera"]
[Date "2024.10.05"]
[Round "6.47"]
[White "Just, Joachim"]
[Black "Lopez Grande, Alberto"]
[Result "1-0"]
[WhiteElo "1935"]
[BlackElo "1700"]
[PlyCount "115"]
[EventDate "2024.10.03"]
[WhiteTeam "SV Motor Zeitz"]

1. d4 Nf6 2. Nf3 g6 3. Bf4 Bg7 4. e3 O-O 5. Nbd2 d6 6. Be2 Nbd7 7. h3 c5 8. c3
Qb6 9. Qb3 Re8 10. Bc4 Qxb3 11. axb3 cxd4 12. cxd4 e5 13. dxe5 Nxe5 14. Bxe5
dxe5 15. Ng5 Re7 16. O-O h6 17. Nge4 Nxe4 18. Nxe4 Kf8 19. Rfd1 Be6 20. Bxe6
Rxe6 21. Rd6 Ke7 22. Rxe6+ fxe6 23. b4 b6 24. b5 Kd7 25. Kf1 Kc7 26. Rc1+ Kd7
27. Ra1 Kc7 28. Ke2 Kb7 29. Rd1 Kc7 30. Rd6 Re8 31. Rc6+ Kd7 32. Nd6 Rf8 33. e4
a6 34. Rxb6 axb5 35. Nxb5 Bf6 36. Nc3 Rc8 37. Kd3 Be7 38. Rb7+ Rc7 39. Rxc7+
Kxc7 40. Kc4 Kc6 41. b4 Bd6 42. f3 Be7 43. Nd1 Bg5 44. Nf2 h5 45. Nd3 Bf6 46.
g3 Bg7 47. Nc5 Kd6 48. b5 Bf6 49. Nd3 Bd8 50. f4 exf4 51. Nxf4 h4 52. gxh4 Bxh4
53. Nxg6 Bf2 54. h4 Be3 55. h5 Kc7 56. Ne5 Bh6 57. Nf7 Bg7 58. h6 1-0

[Event "Albrecht-Beer-Turnier Gera"]
[Site "Gera"]
[Date "2024.10.05"]
[Round "6.48"]
[White "Kaipalath, Varun Raj"]
[Black "Meyer, Jessica"]
[Result "1-0"]
[WhiteElo "1882"]
[BlackElo "1697"]
[PlyCount "125"]
[EventDate "2024.10.03"]
[WhiteTeam "SV Schott Jena"]
[BlackTeam "SV Motor Zeitz"]

1. e4 a6 2. d4 b5 3. Nf3 Bb7 4. Bd3 e6 5. Be3 Nf6 6. Nbd2 d6 7. c3 Nbd7 8. Qc2
h6 9. O-O c5 10. c4 b4 11. d5 e5 12. h3 Nb6 13. Nh2 g5 14. Rfe1 Nh5 15. Qd1 Nf4
16. Bf1 Bc8 17. a3 a5 18. axb4 axb4 19. Rxa8 Nxa8 20. Qa4+ Bd7 21. Qa7 Be7 22.
Ra1 O-O 23. Qb7 Qc8 24. Ra7 Qxb7 25. Rxb7 Rd8 26. Ndf3 Ng6 27. Ng4 Kg7 28. Bd2
f5 29. exf5 Bxf5 30. Ne3 Bc8 31. Ra7 Nb6 32. Bd3 Rd7 33. Nf5+ Kf8 34. Rxd7 Bxd7
35. Nxh6 Nf4 36. Bxf4 gxf4 37. b3 Kg7 38. Nf5+ Bxf5 39. Bxf5 Na8 40. g4 Nc7 41.
g5 Ne8 42. h4 Kf7 43. Be6+ Kg6 44. h5+ Kh7 45. Bf5+ Kh8 46. h6 Kg8 47. Be6+ Kh7
48. Bd7 Nf6 49. gxf6 Bxf6 50. Bf5+ Kxh6 51. Kg2 Kh5 52. Kh3 Be7 53. Bg4+ Kh6
54. Nd2 Kg5 55. Ne4+ Kh6 56. Bd7 Kg7 57. Kg4 Kf7 58. Kf5 Bf8 59. Be6+ Ke7 60.
Nf6 Kd8 61. Ng8 Ke8 62. Kg6 e4 63. Nf6+ 1-0

[Event "Albrecht-Beer-Turnier Gera"]
[Site "Gera"]
[Date "2024.10.05"]
[Round "6.49"]
[White "Scheiding, Sophia"]
[Black "Hanmuradov, Ülwi"]
[Result "1/2-1/2"]
[WhiteElo "1669"]
[BlackElo "1872"]
[PlyCount "52"]
[EventDate "2024.10.03"]
[WhiteTeam "Meuselwitzer SV"]
[BlackTeam "ESV Gera"]

1. e4 c5 2. c3 Nf6 3. e5 Nd5 4. Nf3 Nc6 5. d4 cxd4 6. cxd4 d6 7. Bc4 Nb6 8. Bb3
e6 9. O-O Be7 10. Nc3 O-O 11. Bf4 a6 12. Ne4 d5 13. Nc5 Nd7 14. Nd3 b5 15. Rc1
Qb6 16. Be3 Na5 17. Bc2 Nc4 18. b3 Nxe3 19. fxe3 Bb7 20. Qe2 Rac8 21. Bb1 b4
22. Nf2 a5 23. Rxc8 Rxc8 24. Nh3 h6 25. Qf2 Rf8 26. Nh4 Bxh4 1/2-1/2

[Event "Albrecht-Beer-Turnier Gera"]
[Site "Gera"]
[Date "2024.10.05"]
[Round "6.50"]
[White "Hilbert, Stephan-Jörg"]
[Black "Päpke, Aaron"]
[Result "1-0"]
[WhiteElo "1867"]
[BlackElo "1640"]
[PlyCount "67"]
[EventDate "2024.10.03"]
[WhiteTeam "SV Motor Zeitz"]
[BlackTeam "SC Agon Neumünster"]

1. b4 e5 2. Bb2 Bxb4 3. Bxe5 Nf6 4. a3 Be7 5. c4 Nc6 6. Bb2 d6 7. Nf3 O-O 8. e3
Bg4 9. Be2 Nd7 10. d4 Bf6 11. Qc2 Re8 12. O-O Ne7 13. Nbd2 c5 14. Rfe1 Nc6 15.
Bd3 h6 16. h3 Bxf3 17. Nxf3 Qb6 18. Rab1 a6 19. d5 Bxb2 20. Rxb2 Qa5 21. dxc6
Ne5 22. Reb1 Nxf3+ 23. gxf3 bxc6 24. a4 d5 25. Rb7 d4 26. Bg6 Re5 27. Bxf7+ Kf8
28. f4 Re7 29. Rxe7 Kxe7 30. Rb7+ Kf8 31. Qh7 Qe1+ 32. Kg2 Qg1+ 33. Kxg1 Rc8
34. Qg8# 1-0

[Event "Albrecht-Beer-Turnier Gera"]
[Site "Gera"]
[Date "2024.10.05"]
[Round "6.51"]
[White "Kühnl, Bernd"]
[Black "Shynkar, Daria"]
[Result "1/2-1/2"]
[WhiteElo "1813"]
[BlackElo "1661"]
[PlyCount "120"]
[EventDate "2024.10.03"]
[WhiteTeam "VfL 1990 Gera"]
[BlackTeam "Schachakademie Paderborn"]

1. Nf3 d5 2. c4 e6 3. b3 Nf6 4. Bb2 Be7 5. g3 O-O 6. Bg2 Nbd7 7. O-O b6 8. d3
Bb7 9. Nbd2 Re8 10. Rc1 c5 11. e3 a6 12. Rc2 b5 13. cxd5 Nxd5 14. a3 N5b6 15.
Qe2 Bf6 16. Bxf6 Qxf6 17. Rfc1 Rac8 18. Ne4 Qe7 19. Ned2 Red8 20. Nb1 Bd5 21.
Nfd2 Bxg2 22. Kxg2 Ne5 23. d4 cxd4 24. Rxc8 Qb7+ 25. Kh3 Rxc8 26. Rxc8+ Qxc8
27. exd4 Nc6 28. Qg4 Qd8 29. Nf3 Qd5 30. Nbd2 Nd7 31. Qe4 Nf6 32. Qxd5 exd5 33.
b4 Ne4 34. Nxe4 dxe4 35. Nd2 Nxd4 36. Nxe4 Nc2 37. Nc5 Nxa3 38. Nxa6 Nc2 39.
Kg4 Kf8 40. Kf5 Ke7 41. Ke5 Kd7 42. Kd5 h6 43. Kc5 Na3 44. Nb8+ Kc7 45. Nc6 Kb7
46. Nd8+ Ka6 47. Nxf7 Nc4 48. f3 Nd2 49. Ne5 Nf1 50. Nc6 Nxh2 51. Nd4 Nf1 52.
g4 Nh2 53. Kd5 g6 54. Ke4 h5 55. gxh5 gxh5 56. Nf5 Nf1 57. Kf4 Nd2 58. Nd4 Kb6
59. Kg5 Nxf3+ 60. Nxf3 Kc6 1/2-1/2

[Event "Albrecht-Beer-Turnier Gera"]
[Site "Gera"]
[Date "2024.10.05"]
[Round "6.52"]
[White "Tittmann, Julian"]
[Black "Tran, Anh Duc Kevin"]
[Result "1-0"]
[WhiteElo "1767"]
[BlackElo "1585"]
[PlyCount "71"]
[EventDate "2024.10.03"]
[WhiteTeam "fuß brothers Jena"]
[BlackTeam "Erfurter SK"]

1. Nf3 Nf6 2. c4 e6 3. g3 b6 4. Bg2 Bb7 5. O-O d5 6. b3 Bd6 7. Bb2 Nbd7 8. d4
O-O 9. Ne5 c5 10. Nxd7 Qxd7 11. dxc5 Bxc5 12. Bxf6 gxf6 13. e3 Rad8 14. Qg4+
Kh8 15. cxd5 Bxd5 16. Rd1 Qb7 17. Qh4 Be7 18. Bxd5 Rxd5 19. Nc3 Rxd1+ 20. Rxd1
Rd8 21. Rxd8+ Bxd8 22. Ne4 Qe7 23. Qh6 Kg8 24. g4 f5 25. gxf5 exf5 26. Ng3 Qe5
27. Qh5 Qa1+ 28. Kg2 Qxa2 29. Nxf5 Qxb3 30. Qg4+ Kf8 31. Qg7+ Ke8 32. Qe5+ Kd7
33. Qd6+ Kc8 34. Qc6+ Kb8 35. Nd6 Qxe3 36. Qb7# 1-0